[Event "ESP-ch Seniors 2017"]
[Site "Altea"]
[Date "2017.10.08"]
[Round "2"]
[White "Ruiz Ledo, Antonio"]
[Black "Garcia Fernandez, Carlos"]
[Result "1/2-1/2"]
[WhiteElo "2045"]
[BlackElo "2264"]
[Annotator "ChessBase"]
[PlyCount "34"]
[EventDate "2017.??.??"]
[EventType "swiss"]
[EventCountry "ESP"]
[SourceTitle "playchess.com"]
[Source "ChessBase"]
[SourceQuality "1"]
[TimeControl "5400+30"]

1. Nf3 {[%emt 0:02:18]} d6 {[%emt 0:07:35]} 2. g3 {[%emt 0:01:05]} e5 3. Bg2 {[%emt 0:03:03]} f5 {[%emt 0:01:19]} 4. c4 Nf6 {[%emt 0:00:30]} 5. Nc3 {[%emt 0:00:54]} g6 6. O-O {[%emt 0:05:38]} Bg7 {[%emt 0:00:44]} 7. d4 {[%emt 0:00:12]} e4 {[%emt 0:00:26]} 8. Ne1 {[%emt 0:03:51]} c6 9. f3 {[%emt 0:02:57]} exf3 {[%emt 0:02:43]} 10. Bxf3 {[%emt 0:06:47]} O-O {[%emt 0:04:37]} 11. Nc2 {[%emt 0:08:10]} Na6 {[%emt 0:00:49]} 12. Bf4 {[%emt 0:01:28]} h6 {[%emt 0:00:40]} 13. h4 {[%emt 0:08:42]} Kh7 {[%emt 0:02:01]} 14. Qd2 {[%emt 0:02:19]} d5 {[%emt 0:02:36]} 15. cxd5 Nxd5 {[%emt 0:00:06]} 16. Nxd5 {[%emt 0:04:31]} cxd5 {[%emt 0:01:48]} 17. Rfd1 {[%emt 0:11:19]} Be6 1/2-1/2

[Event "ESP-ch Seniors 2017"]
[Site "Altea"]
[Date "2017.10.08"]
[Round "2"]
[White "Aizpurua Blanco, Juan Antonio"]
[Black "Suba, Mihai"]
[Result "0-1"]
[WhiteElo "2014"]
[BlackElo "2315"]
[Annotator "TA"]
[PlyCount "108"]
[EventDate "2017.??.??"]
[EventType "swiss"]
[EventCountry "ESP"]
[SourceTitle "playchess.com"]
[Source "ChessBase"]
[SourceQuality "1"]

{[%evp 10,108,0,0,0,0,-7,0,37,15,3,0,0,-4,-2,0,0,0,0,0,0,0,0,0,0,0,0,0,0,-12,-4,-12,0,-13,5,-6,0,0,0,0,8,0,0,-27,22,-41,-41,-41,-41,-85,-85,-85,-46,-46,-46,-46,-46,-46,-46,-46,-46,-46,-46,-46,-46,-46,-43,-45,-22,-22,0,0,0,0,0,-16,-16,-16,-16,-16,-16,-20,-17,-29977,-29978,-29977,-29978,-29978,-29979,-29979,-29980,-29975,-29976,-29974,-5289,-29994,-29995,-29995,-29996,-29997,-29998]} 1. e4 c5 2. Nf3 d6 3. Bb5+ Nd7 4. O-O Ngf6 5. e5 dxe5 6. Nxe5 e6 {B51: Sicilian: Moscow Variation (3 Bb5+) without 3...Bd7} (6... a6 7. Bxd7+ Nxd7 8. Qe2 Nxe5 9. Qxe5 Qd4 10. Re1 e6 11. Nc3 Bd7 12. d3 Qxe5 13. Rxe5 f6 14. Re2 {0-1 (52) Rozentalis,E (2571)-Tiviakov,S (2623) Vrachati 2011}) 7. d4 Be7 8. dxc5 $146 ({Predecessor:} 8. Be3 cxd4 9. Bxd4 O-O 10. Nc3 a6 11. Bd3 Nc5 12. Bxc5 Bxc5 13. Qe2 Qc7 14. Ng4 Nxg4 15. Qxg4 {0-1 (22) Jayashree P,S (1652)-Soumya,S (2363) Bhayandar 2015}) 8... Bxc5 {The position is equal.} 9. Nc3 O-O 10. Nxd7 Bxd7 11. Bxd7 Qxd7 12. Bg5 Qxd1 13. Raxd1 Rfd8 14. Rxd8+ Rxd8 15. Bxf6 gxf6 16. Rd1 Rxd1+ 17. Nxd1 $11 {[%mdl 4096] Endgame KB-KN} f5 18. Kf1 Kg7 19. c3 Kf6 20. Ke2 Ke5 21. b3 Kd5 22. Kd3 Bd6 23. Ne3+ Kc6 24. h3 b5 25. c4 Bc5 26. Nd1 b4 27. f3 (27. g4 $11) 27... f4 $15 28. Ke4 Bd6 29. Nb2 f5+ 30. Kd3 Be5 (30... e5 {is interesting.} 31. Nd1 Be7 32. Nb2 Bf6 33. Nd1 Kc5) 31. Kc2 Bxb2 32. Kxb2 {KP-KP} Kc5 33. Kc2 Kd4 34. Kd2 e5 {[%cal Be6e5,Be5e4][%mdl 32]} 35. Ke2 e4 36. Ke1 e3 37. h4 a5 38. h5 h6 39. Ke2 a4 40. Ke1 Kc5 41. Ke2 Kd6 42. Ke1 a3 43. Ke2 Ke6 44. Ke1 Ke5 45. Ke2 Kd4 46. Ke1 $2 {[%mdl 8192]} (46. Kd1 $11) 46... Kc3 $1 {[%cal Rc3b2]} 47. c5 {[#]} Kb2 $1 48. c6 Kxa2 49. c7 {[#]} Kb2 $1 50. c8=Q a2 51. Qh8+ Kb1 52. Qxh6 a1=Q {Black mates.} 53. Qd6 Qc3+ 54. Ke2 Qc2+ {Precision: White = 50%, Black = 65%.} 0-1

[Event "ESP-ch Seniors 2017"]
[Site "Altea"]
[Date "2017.10.08"]
[Round "2"]
[White "Serrano Marhuenda, Salvador"]
[Black "Brusi Noguera, Ricardo Ll"]
[Result "1-0"]
[WhiteElo "2012"]
[BlackElo "2156"]
[Annotator "ChessBase"]
[PlyCount "161"]
[EventDate "2017.??.??"]
[EventType "swiss"]
[EventCountry "ESP"]
[SourceTitle "playchess.com"]
[Source "ChessBase"]
[SourceQuality "1"]
[TimeControl "5400+30"]

1. e4 {[%emt 0:00:00]} Nf6 {[%emt 0:00:18]} 2. Nc3 {[%emt 0:00:01]} d5 {[%emt 0:00:23]} 3. exd5 {[%emt 0:00:08]} Nxd5 {[%emt 0:00:05]} 4. Bc4 {[%emt 0:00:09]} c6 {[%emt 0:01:12]} 5. Qf3 {[%emt 0:00:34]} e6 {[%emt 0:00:17]} 6. d4 {[%emt 0:00:42]} Nb6 {[%emt 0:04:57]} 7. Bb3 {[%emt 0:01:20]} Qxd4 {[%emt 0:02:18]} 8. Nge2 {[%emt 0:00:06]} Qh4 {[%emt 0:07:02]} 9. Bf4 {[%emt 0:05:42]} Bb4 {[%emt 0:08:11]} 10. O-O-O {[%emt 0:03:33]} Nd5 {[%emt 0:24:06]} 11. g3 {[%emt 0:13:41]} Qe7 {[%emt 0:02:48]} 12. Bxd5 {[%emt 0:09:01]} exd5 {[%emt 0:02:10]} 13. Rxd5 {[%emt 0:02:20]} O-O {[%emt 0:07:20]} 14. Re5 {[%emt 0:09:14]} Be6 {[%emt 0:05:20]} 15. Nd4 {[%emt 0:05:12]} Nd7 {[%emt 0:00:35]} 16. Re2 {[%emt 0:02:22]} Qf6 {[%emt 0:05:28]} 17. Rd1 {[%emt 0:02:51]} Nb6 {[%emt 0:05:41]} 18. Nxe6 {[%emt 0:10:45]} fxe6 {[%emt 0:00:21]} 19. Ne4 {[%emt 0:00:30]} Qg6 {[%emt 0:02:19]} 20. Qb3 {[%emt 0:02:06]} Be7 {[%emt 0:01:10]} 21. Nc3 {[%emt 0:01:42]} Bg5 {[%emt 0:01:51]} 22. Bxg5 {[%emt 0:01:17]} Qxg5+ {[%emt 0:00:01]} 23. f4 {[%emt 0:00:08]} Qh5 {[%emt 0:02:29]} 24. Qxe6+ {[%emt 0:00:46]} Kh8 {[%emt 0:00:24]} 25. Rde1 {[%emt 0:00:15]} Rab8 {[%emt 0:04:59]} 26. h4 {[%emt 0:02:34]} Qf3 {[%emt 0:02:39]} 27. Qe3 {[%emt 0:02:23]} Qg4 {[%emt 0:00:10]} 28. b3 {[%emt 0:00:38]} h6 {[%emt 0:02:34]} 29. a4 {[%emt 0:00:25]} Qf5 {[%emt 0:03:47]} 30. Qe5 {[%emt 0:01:27]} Qg4 {[%emt 0:00:32]} 31. Re3 {[%emt 0:00:54]} a6 {[%emt 0:01:10]} 32. Qe6 {[%emt 0:02:36]} Qh5 {[%emt 0:00:28]} 33. Re5 {[%emt 0:00:58]} Qf3 {[%emt 0:00:09]} 34. R1e3 {[%emt 0:01:07]} Qf2 {[%emt 0:00:37]} 35. a5 {[%emt 0:01:16]} Nc8 {[%emt 0:00:57]} 36. Rd3 {[%emt 0:01:48]} Na7 {[%emt 0:00:23]} 37. Ne4 {[%emt 0:02:09]} Qe1+ {[%emt 0:00:45]} 38. Kb2 {[%emt 0:00:31]} Nb5 {[%emt 0:00:16]} 39. Nc3 {[%emt 0:01:42]} Qf2 {[%emt 0:00:13]} 40. Nxb5 {[%emt 0:01:34]} cxb5 {[%emt 0:00:20]} 41. Re2 {[%emt 0:00:45]} Qc5 {[%emt 0:00:32]} 42. Qe7 {[%emt 0:00:30]} Qc6 {[%emt 0:00:40]} 43. Rd7 {[%emt 0:00:24]} Qf6+ {[%emt 0:02:17]} 44. Qxf6 {[%emt 0:00:08]} Rxf6 {[%emt 0:00:01]} 45. h5 {[%emt 0:01:31]} b6 {[%emt 0:00:22]} 46. axb6 {[%emt 0:00:20]} Rfxb6 {[%emt 0:00:09]} 47. Ree7 {[%emt 0:00:27]} Rg8 {[%emt 0:00:18]} 48. f5 {[%emt 0:00:18]} Rc6 {[%emt 0:00:47]} 49. g4 {[%emt 0:01:09]} Rgc8 {[%emt 0:01:28]} 50. Re2 {[%emt 0:01:28]} b4 {[%emt 0:00:41]} 51. Red2 {[%emt 0:01:25]} Kh7 {[%emt 0:00:29]} 52. R7d6 {[%emt 0:00:23]} a5 {[%emt 0:00:57]} 53. R6d5 {[%emt 0:01:32]} Ra8 {[%emt 0:00:19]} 54. Rb5 {[%emt 0:00:32]} Kg8 {[%emt 0:00:33]} 55. Rd7 {[%emt 0:00:16]} Rac8 {[%emt 0:00:12]} 56. Rd2 {[%emt 0:00:17]} Ra8 {[%emt 0:00:03]} 57. Rb7 {[%emt 0:00:17]} Kh8 {[%emt 0:01:05]} 58. Rbd7 {[%emt 0:00:42]} Kh7 {[%emt 0:00:12]} 59. R2d6 {[%emt 0:00:39]} Rxd6 {[%emt 0:01:22]} 60. Rxd6 {[%emt 0:00:07]} Kg8 {[%emt 0:00:15]} 61. Rd5 {[%emt 0:00:58]} Kf7 {[%emt 0:00:23]} 62. Rd7+ {[%emt 0:00:48]} Kf6 {[%emt 0:00:37]} 63. Rd6+ {[%emt 0:00:11]} Kf7 {[%emt 0:00:05]} 64. Kc1 {[%emt 0:00:33]} Ra7 {[%emt 0:00:22]} 65. Kd2 {[%emt 0:00:16]} Ra8 {[%emt 0:01:13]} 66. Rc6 {[%emt 0:00:54]} Ra7 {[%emt 0:00:24]} 67. Ke3 {[%emt 0:00:38]} Rd7 {[%emt 0:00:48]} 68. Rc5 {[%emt 0:00:30]} Ra7 {[%emt 0:00:06]} 69. Kf4 {[%emt 0:00:26]} a4 {[%emt 0:00:49]} 70. bxa4 {[%emt 0:00:25]} Rxa4 {[%emt 0:00:01]} 71. Rc4 {[%emt 0:01:05]} Ra2 {[%emt 0:00:12]} 72. g5 {[%emt 0:00:41]} hxg5+ {[%emt 0:00:34]} 73. Kxg5 {[%emt 0:00:08]} Kf8 {[%emt 0:01:25]} 74. Rc6 {[%emt 0:00:42]} Ra5 {[%emt 0:00:09]} 75. Kg6 {[%emt 0:00:13]} Ra8 {[%emt 0:00:49]} 76. h6 {[%emt 0:00:58]} gxh6 {[%emt 0:00:08]} 77. f6 {[%emt 0:00:37]} h5 {[%emt 0:00:32]} 78. Rc7 {[%emt 0:00:24]} Kg8 {[%emt 0:00:45]} 79. Rg7+ {[%emt 0:00:10]} Kh8 {[%emt 0:00:35]} 80. Rh7+ {[%emt 0:00:06]} Kg8 {[%emt 0:00:03]} 81. f7+ {[%emt 0:00:05]} 1-0

[Event "ESP-ch Seniors 2017"]
[Site "Altea"]
[Date "2017.10.08"]
[Round "2"]
[White "Garcia Galeote, Lorenzo"]
[Black "Sabater Sanchez, Asensio"]
[Result "1-0"]
[WhiteElo "1998"]
[BlackElo "2149"]
[Annotator "ChessBase"]
[PlyCount "55"]
[EventDate "2017.??.??"]
[EventType "swiss"]
[EventCountry "ESP"]
[SourceTitle "playchess.com"]
[Source "ChessBase"]
[SourceQuality "1"]
[TimeControl "5400+30"]

1. d4 {[%emt 0:00:00]} e6 {[%emt 0:00:20]} 2. Nf3 {[%emt 0:00:22]} d5 {[%emt 0:01:39]} 3. e3 {[%emt 0:00:34]} c5 {[%emt 0:00:41]} 4. b3 {[%emt 0:00:30]} Nc6 {[%emt 0:00:24]} 5. Bb2 {[%emt 0:00:10]} Nf6 {[%emt 0:00:16]} 6. Bd3 {[%emt 0:00:23]} Bd6 {[%emt 0:01:33]} 7. Nbd2 {[%emt 0:00:25]} O-O {[%emt 0:01:03]} 8. O-O {[%emt 0:01:10]} Re8 {[%emt 0:02:07]} 9. Ne5 {[%emt 0:02:23]} Qc7 {[%emt 0:03:10]} 10. f4 {[%emt 0:00:32]} a6 {[%emt 0:02:35]} 11. Ndf3 {[%emt 0:05:19]} cxd4 {[%emt 0:01:39]} 12. exd4 {[%emt 0:00:45]} Nb4 {[%emt 0:03:25]} 13. Ng5 {[%emt 0:09:34]} Re7 {[%emt 0:04:20]} 14. c4 {[%emt 0:09:04]} Nxd3 {[%emt 0:03:18]} 15. Qxd3 {[%emt 0:00:19]} h6 {[%emt 0:06:02]} 16. c5 {[%emt 0:03:13]} hxg5 {[%emt 0:02:43]} 17. cxd6 {[%emt 0:00:51]} Qxd6 {[%emt 0:00:07]} 18. fxg5 {[%emt 0:00:34]} Ne4 {[%emt 0:01:31]} 19. a4 {[%emt 0:10:56]} Rc7 {[%emt 0:04:35]} 20. g6 {[%emt 0:03:31]} f5 {[%emt 0:12:44]} 21. Qh3 {[%emt 0:04:14]} Nf6 {[%emt 0:01:21]} 22. Rf4 {[%emt 0:02:53]} b5 {[%emt 0:11:04]} 23. axb5 {[%emt 0:02:38]} Bb7 {[%emt 0:06:19]} 24. Rh4 {[%emt 0:01:32]} Kf8 {[%emt 0:00:27]} 25. Rh8+ {[%emt 0:06:37]} Ke7 {[%emt 0:01:04]} 26. Rxa8 {[%emt 0:00:51]} Bxa8 27. Rxa6 {[%emt 0:01:32]} Qb4 {[%emt 0:01:12]} 28. Qe3 {[%emt 0:04:09]} 1-0

[Event "ESP-ch Seniors 2017"]
[Site "Altea"]
[Date "2017.10.08"]
[Round "2"]
[White "De Lucas Bello, Federico"]
[Black "Simon Padros, Emili"]
[Result "1/2-1/2"]
[WhiteElo "1988"]
[BlackElo "2153"]
[Annotator "ChessBase"]
[PlyCount "68"]
[EventDate "2017.??.??"]
[EventType "swiss"]
[EventCountry "ESP"]
[SourceTitle "playchess.com"]
[Source "ChessBase"]
[SourceQuality "1"]
[TimeControl "5400+30"]

1. e4 {[%emt 0:00:00]} e6 {[%emt 0:00:19]} 2. d4 {[%emt 0:01:07]} d5 {[%emt 0:00:15]} 3. Nd2 {[%emt 0:00:11]} Nf6 {[%emt 0:00:24]} 4. e5 {[%emt 0:00:28]} Nfd7 {[%emt 0:00:17]} 5. Bd3 {[%emt 0:00:12]} c5 {[%emt 0:00:20]} 6. c3 {[%emt 0:00:09]} Nc6 {[%emt 0:00:20]} 7. Ngf3 {[%emt 0:00:22]} cxd4 {[%emt 0:01:37]} 8. cxd4 {[%emt 0:00:15]} Nb6 {[%emt 0:00:41]} 9. O-O {[%emt 0:01:01]} Bd7 {[%emt 0:00:39]} 10. a3 {[%emt 0:06:05]} a5 {[%emt 0:01:11]} 11. Nb1 {[%emt 0:03:01]} Be7 {[%emt 0:04:37]} 12. Nc3 {[%emt 0:01:31]} O-O {[%emt 0:03:26]} 13. Bc2 {[%emt 0:02:47]} f5 {[%emt 0:09:33]} 14. exf6 {[%emt 0:01:08]} Bxf6 {[%emt 0:00:25]} 15. Qd3 {[%emt 0:02:28]} g6 {[%emt 0:01:29]} 16. Bh6 {[%emt 0:01:25]} Bg7 {[%emt 0:12:31]} 17. Bxg7 {[%emt 0:01:52]} Kxg7 {[%emt 0:00:13]} 18. Ne2 {[%emt 0:04:04]} Nc4 {[%emt 0:07:24]} 19. b3 {[%emt 0:01:40]} Nd6 {[%emt 0:00:22]} 20. Ng3 {[%emt 0:03:10]} Kh8 {[%emt 0:04:47]} 21. Qd2 {[%emt 0:02:20]} Qf6 {[%emt 0:05:00]} 22. Rfe1 {[%emt 0:07:44]} Qf4 {[%emt 0:03:33]} 23. Re3 {[%emt 0:05:55]} a4 {[%emt 0:06:09]} 24. Ne2 {[%emt 0:05:36]} Qf6 {[%emt 0:04:29]} 25. Nc3 {[%emt 0:04:15]} axb3 {[%emt 0:04:54]} 26. Bxb3 {[%emt 0:00:31]} Na5 {[%emt 0:04:02]} 27. Qd1 {[%emt 0:02:15]} Nac4 {[%emt 0:01:52]} 28. Bxc4 {[%emt 0:01:49]} Nxc4 {[%emt 0:00:25]} 29. Re2 {[%emt 0:00:32]} Qf4 {[%emt 0:06:42]} 30. a4 {[%emt 0:03:33]} Rfc8 {[%emt 0:03:48]} 31. Qb3 {[%emt 0:01:40]} b6 {[%emt 0:01:03]} 32. h3 {[%emt 0:00:20]} Qd6 {[%emt 0:03:10]} 33. Ng5 {[%emt 0:05:09]} Qf4 {[%emt 0:03:26]} 34. Nf3 {[%emt 0:00:42]} Qf8 {[%emt 0:02:57]} 1/2-1/2

[Event "ESP-ch Seniors 2017"]
[Site "Altea"]
[Date "2017.10.08"]
[Round "2"]
[White "Gonzalvez Perales, Jose Luis"]
[Black "Lopez Pereyra, Antonio"]
[Result "0-1"]
[WhiteElo "1988"]
[BlackElo "2137"]
[Annotator "NA"]
[PlyCount "60"]
[EventDate "2017.??.??"]
[EventType "swiss"]
[EventCountry "ESP"]
[SourceTitle "playchess.com"]
[Source "ChessBase"]
[SourceQuality "1"]
[TimeControl "5400+30"]

1. e4 {[%emt 0:00:00]} c5 {[%emt 0:01:31]} 2. d4 {[%emt 0:00:00]} cxd4 {[%emt 0:00:46]} 3. c3 {[%emt 0:00:00]} Nf6 {[%emt 0:00:37]} 4. e5 {[%emt 0:00:00]} Nd5 {[%emt 0:00:08]} 5. cxd4 {[%emt 0:00:03]} e6 {[%emt 0:00:23]} 6. Nf3 {[%emt 0:00:26]} b6 {[%emt 0:00:21]} 7. Nc3 {[%emt 0:00:40]} Nxc3 {[%emt 0:00:33]} 8. bxc3 {[%emt 0:00:06]} Qc7 {[%emt 0:00:08]} 9. Bd2 {[%emt 0:15:14]} Bb7 {[%emt 0:01:04]} 10. Bd3 {[%emt 0:03:04]} d6 {[%emt 0:03:43]} 11. O-O {[%emt 0:18:55]} Nd7 {[%emt 0:04:08]} 12. Re1 {[%emt 0:14:18]} Be7 {[%emt 0:05:39]} 13. Qe2 {[%emt 0:09:14]} Rd8 {[%emt 0:03:39] B22: Sicilian: 2 c3} 14. exd6 {[%emt 0:12:54]} Bxd6 {[%emt 0:01:07]} 15. Ng5 $146 {[%emt 0:03:28]} ({Predecessor:} 15. c4 O-O 16. d5 e5 17. Qe4 f5 18. Qh4 Nc5 19. Bf1 Rde8 20. Bc3 Rf6 21. g3 Bc8 {½-½ (38) Schaefer,M (2159)-Dragnev,V (2438) Bad Wiessee 2016}) 15... Nf6 {[%emt 0:07:08]} 16. Nxe6 {[%emt 0:03:10]} fxe6 {[%emt 0:00:15]} 17. Qxe6+ {[%emt 0:00:08]} Kf8 {[%emt 0:00:15]} 18. c4 $2 {[%emt 0:04:13]} (18. h4 $17) 18... Bc8 {[%emt 0:06:29]} 19. Qe2 {[%emt 0:00:53]} Bxh2+ {[%emt 0:04:14]} 20. Kh1 {[%emt 0:02:30]} Re8 {[%emt 0:04:16]} (20... Rxd4 $19 21. Bg5 Kf7 22. Bxf6 Kxf6 23. Qf3+ Qf4 24. Qc6+ Rd6) 21. Qf3 {[%emt 0:01:15]} Bg4 {[%emt 0:10:39]} 22. Rxe8+ {[%emt 0:00:33]} Kxe8 {[%emt 0:00:06]} 23. Qa8+ {[%emt 0:00:21]} Qb8 {[%emt 0:00:21]} 24. Qc6+ {[%emt 0:00:25] [#]} Kf7 $1 {[%emt 0:03:50]} 25. c5 {[%emt 0:04:22]} Be6 {[%emt 0:01:58]} 26. Re1 {[%emt 0:01:55]} Bd5 {[%emt 0:01:10]} 27. Qb5 {[%emt 0:01:25]} bxc5 {[%emt 0:01:13]} 28. Qxc5 {[%emt 0:00:14]} Bd6 {[%emt 0:00:11]} 29. Qa5 {[%emt 0:00:42]} Qc7 {[%emt 0:03:26]} 30. Qa4 $19 {[%emt 0:02:12]} Qd7 {[%emt 0:00:29]} 0-1

[Event "ESP-ch Seniors 2017"]
[Site "Altea"]
[Date "2017.10.08"]
[Round "2"]
[White "Dominguez Marquez, Cecilio"]
[Black "Pastor Alonso De Prado, Alberto"]
[Result "0-1"]
[WhiteElo "1955"]
[BlackElo "2131"]
[Annotator "TA"]
[PlyCount "80"]
[EventDate "2017.??.??"]
[EventType "swiss"]
[EventCountry "ESP"]
[SourceTitle "playchess.com"]
[Source "ChessBase"]
[SourceQuality "1"]

{[%evp 9,80,76,69,55,62,45,40,29,59,32,32,29,65,47,75,60,87,60,64,52,54,59,72,79,84,71,133,83,95,72,89,84,80,50,91,114,164,45,79,23,49,-22,77,86,88,51,241,-25,-11,0,0,0,160,160,167,172,175,143,146,75,67,75,84,77,69,-399,-337,-520,-522,-29959,-29962,-5783,-5322]} 1. d4 b6 2. e4 Bb7 3. Bd3 Nf6 4. Qe2 Nc6 5. c3 e5 6. d5 {B00: Queen's Fianchetto Defence, Nimzowitsch Defence} Ne7 7. c4 (7. f4 exf4 8. c4 d6 9. Bxf4 Ng6 10. Bg3 Be7 11. Nc3 O-O 12. Nh3 Nd7 13. O-O Bf6 {0-1 (39) Burke,J (2588)-Ivanov,A (2515) Bethesda 2015}) 7... Ng6 8. g3 {White is slightly better.} c6 9. Nc3 Bb4 10. Bd2 a5 11. a3 Bc5 12. h4 $146 ({Predecessor:} 12. Na4 O-O 13. Nxc5 bxc5 {1-0 (38) Dobosz,H (2381)-Pastor Alonso de Prado,E (2122) Bregenz 2017}) 12... h5 13. Nh3 Bd4 14. O-O-O d6 15. Kb1 a4 16. dxc6 Bxc6 17. Nd5 Nd7 (17... Ne7 $142) 18. Be3 Bxe3 19. Qxe3 Nc5 20. Bc2 Bxd5 21. exd5 Qf6 22. Ng5 Nf8 23. Ne4 (23. Rhf1 $18) 23... Nxe4 24. Bxe4 (24. Qxe4 $16 g6 25. Qe1) 24... Nd7 $11 25. Rhf1 (25. Qe2 $14) 25... g6 (25... O-O $11) 26. f4 $36 {[%mdl 2048] Keeping Black busy.} exf4 27. Rxf4 Qe7 $2 {[#]} ({Better is} 27... Qe5 $14) 28. Re1 $2 (28. Rxf7 $1 $18 {[%mdl 512]} Qe5 (28... Qxf7 29. Bxg6+) 29. Qf3 (29. Bxg6 Qxe3 30. Rf3+ Kd8 $18)) 28... O-O $11 29. g4 hxg4 30. Rxg4 {Qh6 is the strong threat.} Ne5 $2 {[#]} (30... Nf6 $1 $11 31. Rf4 Rfe8) 31. Bc2 $1 $16 Qf6 32. Rf4 Qh8 33. Rh1 (33. Qxb6 Rab8 $17) 33... Rfc8 34. Bd3 (34. Qe2 $142) 34... Qh6 35. Rhf1 Nxc4 36. Qf2 ({Inferior is} 36. Bxc4 Rxc4 37. R1f3 Rxf4 $17) 36... Ne5 37. Rxf7 $2 {[%mdl 8192]} (37. Be2 $1 $14 {stays ahead.}) 37... Nxd3 $19 ({And not} 37... Nxf7 38. Qxf7+ Kh8 39. Qe6 $16) 38. Qf6 (38. Qg1 {was worth a try.}) 38... Rc1+ 39. Ka2 Rxf1 40. Qxf1 Qd2 {Precision: White = 29%, Black = 43%.} 0-1

[Event "ESP-ch Seniors 2017"]
[Site "Altea"]
[Date "2017.10.08"]
[Round "2"]
[White "Marin Calderon, Angel"]
[Black "Fernandez Perez, Josep"]
[Result "1/2-1/2"]
[WhiteElo "1924"]
[BlackElo "2045"]
[Annotator "NA"]
[PlyCount "123"]
[EventDate "2017.??.??"]
[EventType "swiss"]
[EventCountry "ESP"]
[SourceTitle "playchess.com"]
[Source "ChessBase"]
[SourceQuality "1"]
[TimeControl "5400+30"]

{[%evp 36,122,0,-24,10,32767,32767,0,-19,-13,0,-14,104,32767,32767,32767,51,38,49,32767,40,10,1,14,149,175,183,202,230,283,394,397,439,425,421,466,414,280,497,250,304,293,452,210,203,219,238,0,207,238,204,224,247,243,298,352,906,369,445,483,6119,626,32767,32767,32767,665,573,0,8,0,0,0,0,0,1430,0,0,0,0,-8,-8,-8,-8,-8,-8,-8,32767,-8,-8]} 1. e4 {[%emt 0:01:19]} e6 {[%emt 0:00:12]} 2. Nf3 {[%emt 0:01:30]} d5 3. exd5 exd5 {[%emt 0:00:51]} 4. d4 {[%emt 0:00:55]} Nf6 {[%emt 0:00:44]} 5. Be2 {[%emt 0:00:43]} Bd6 {[%emt 0:09:48]} 6. O-O {[%emt 0:00:55]} O-O {[%emt 0:00:17]} 7. Bg5 {[%emt 0:09:06]} Re8 {[%emt 0:01:22] C01: French: Exchange Variation} (7... h6 8. Bh4 Bf5 9. Nbd2 Nbd7 10. c4 dxc4 11. Nxc4 Be7 12. Nce5 Nd5 13. Bg3 Nxe5 14. Nxe5 c6 15. a3 Bd6 {½-½ (15) Vajda,L (2508)-Gonda,L (2548) Budapest 2011}) 8. c3 {[%emt 0:04:22]} Nbd7 {[%emt 0:03:54]} 9. Nbd2 {[%emt 0:00:47]} c6 {[%emt 0:00:35]} 10. Re1 {[%emt 0:03:30]} Nf8 {[%emt 0:04:08]} 11. Bd3 $146 {[%emt 0:01:10]} ({Predecessor:} 11. Qc2 Bg4 12. Bd3 Rxe1+ 13. Rxe1 h6 14. Bh4 Bxf3 15. Nxf3 Ne6 16. Ne5 g5 17. Bg3 Qc7 18. Bf5 Re8 19. Nxf7 {½-½ (19) Hochstadt,R-Charles,G Suncoast 1999}) 11... Rxe1+ {[%emt 0:00:19]} 12. Qxe1 {[%emt 0:00:36]} Ne6 {[%emt 0:01:10]} 13. Be3 {[%emt 0:03:11]} Nf4 {[%emt 0:05:58]} 14. Bxf4 {[%emt 0:04:52]} Bxf4 {[%emt 0:00:27]} 15. Qe2 {[%emt 0:03:32]} Bg4 {[%emt 0:01:31]} 16. Nf1 {[%emt 0:01:33]} Qe8 {[%emt 0:09:59]} 17. Ne3 {[%emt 0:03:20]} Bh5 {[%emt 0:12:53]} 18. h3 {[%emt 0:05:29]} Kf8 {[%emt 0:07:24]} 19. Re1 {[%emt 0:03:55]} Qe6 {[%emt 0:05:22]} 20. Bf5 {[%emt 0:11:54]} Qd6 {[%emt 0:01:58]} 21. g4 {[%emt 0:03:09]} Bg6 {[%emt 0:11:30]} 22. Bxg6 hxg6 23. Ng2 {[%emt 0:06:53]} g5 {[%emt 0:05:08]} (23... Re8 $11 {hält das Gleichgewicht.} 24. Qc2 Rxe1+ 25. Ngxe1 Qe7) 24. Nxf4 {[%emt 0:03:46]} gxf4 {[%emt 0:01:30]} 25. Qe5 {[%emt 0:02:46]} Qxe5 {[%emt 0:00:40]} 26. Rxe5 {[%emt 0:00:19]} g6 {[%emt 0:00:58]} 27. Kg2 {[%emt 0:01:39]} Ne4 {[%emt 0:03:36]} 28. g5 $1 {[%emt 0:02:20]} Re8 $1 {[%emt 0:01:52]} 29. h4 {[%emt 0:02:28]} f6 {[%emt 0:05:12]} (29... Re7 $11) 30. gxf6 {[%emt 0:01:33]} Nxf6 {[%emt 0:00:14]} 31. Rxe8+ {[%emt 0:01:19]} Kxe8 {[%emt 0:00:23]} 32. Ne5 {[%emt 0:00:12]} Nh5 {[%emt 0:01:40]} 33. Nxg6 {[%emt 0:00:44]} Kf7 {[%emt 0:00:15]} 34. Ne5+ {[%emt 0:00:21]} Ke6 {[%emt 0:00:11]} 35. Kf3 {[%emt 0:00:41]} Kf5 {[%emt 0:00:14]} 36. Nd3 {[%emt 0:01:06]} b6 $2 {[%emt 0:00:21]} (36... Nf6 37. Nc5 b6) 37. b4 {[%emt 0:00:25]} (37. Nb4 $142) 37... Nf6 {[%emt 0:00:31]} 38. Nxf4 {[%emt 0:04:55]} Ne4 {[%emt 0:00:23] [#]} (38... a6 $142 39. Ne2 Ne8 40. Ng3+ Kf6) 39. Ne2 $2 {[%emt 0:00:13]} (39. b5 $142 $1 Nd2+ (39... cxb5 40. Nxd5) 40. Ke2) 39... Nd2+ {[%emt 0:00:24]} 40. Kg3 {[%emt 0:01:03]} Ne4+ {[%emt 0:00:10] [#]} 41. Kf3 {[%emt 0:01:28]} (41. Kg2 $1 $18) 41... Nd2+ {[%emt 0:00:09]} 42. Ke3 {[%emt 0:00:25]} Nc4+ {[%emt 0:00:53]} 43. Kd3 {[%emt 0:00:17]} Kg4 {[%emt 0:00:23]} 44. Ng3 {[%emt 0:01:14]} Kxh4 {[%emt 0:01:43]} (44... b5 $142 45. h5 Nd6) 45. Nf5+ {[%emt 0:00:13]} Kg4 $2 {[%emt 0:00:13]} (45... Kg5) 46. Ne7 {[%emt 0:00:15]} b5 {[%emt 0:02:39]} 47. Nxc6 {[%emt 0:00:16]} Kf3 {[%emt 0:00:22]} (47... Kf5 $142 48. Nxa7 Nd6) 48. Nxa7 {[%emt 0:00:39]} (48. Ne5+ $142 Kf4 49. Nxc4 dxc4+ 50. Ke2) 48... Na3 {[%emt 0:00:12]} 49. Nc6 {[%emt 0:00:23]} Nc4 {[%emt 0:00:15]} 50. Ne7 {[%emt 0:02:36]} Nb6 {[%emt 0:00:03]} 51. Nxd5 $2 {[%emt 0:00:53]} ({White should try} 51. Nf5 $18) 51... Nxd5 {[%emt 0:00:18]} 52. Kc2 {[%emt 0:00:33]} Kxf2 {[%emt 0:00:06]} 53. Kb3 {[%emt 0:00:30]} Ke3 {[%emt 0:00:50]} 54. c4 {[%emt 0:00:23]} Nc7 $2 {[%emt 0:00:56]} (54... Nb6 $11 55. cxb5 Ke4) 55. d5 $2 {[%emt 0:00:13]} (55. cxb5 $18 Nxb5 56. Kc4 Nd6+ 57. Kd5) 55... Kd4 {[%emt 0:00:11]} 56. cxb5 {[%emt 0:00:46]} Nxb5 {[%emt 0:00:30]} 57. a4 {[%emt 0:00:28]} Nd6 {[%emt 0:00:11]} 58. a5 {[%emt 0:01:01]} Kxd5 {[%emt 0:00:17]} 59. Ka4 {[%emt 0:00:27]} Kc6 {[%emt 0:00:19]} 60. Kb3 {[%emt 0:01:07]} (60. b5+ $5 Nxb5 61. Kb4 $11) 60... Kb5 {[%emt 0:00:04]} 61. Kc3 {[%emt 0:00:23]} Nb7 $11 {[%emt 0:00:22]} 62. Kd4 1/2-1/2